[Event "Bydgoszcz op-A"]
[Site "Bydgoszcz"]
[Date "2022.07.04"]
[Round "10"]
[White "Stolarczyk, Adam"]
[Black "Paprocki, Jaroslaw"]
[Result "0-1"]
[WhiteElo "2125"]
[BlackElo "2165"]
[PlyCount "160"]
[EventDate "2022.06.25"]
[EventType "swiss"]
[EventRounds "10"]
[EventCountry "POL"]
[SourceTitle "CBM 209 Extra"]
[Source "ChessBase"]
[SourceDate "2022.09.30"]
[SourceVersion "1"]
[SourceVersionDate "2022.09.30"]
[SourceQuality "1"]

1. d4 e6 2. Nf3 c5 3. e3 d5 4. c3 Nf6 5. Nbd2 Nbd7 6. Bd3 Bd6 7. 0-0 e5 8. e4 dxe4 9. Nxe4 Nxe4 10. Bxe4 exd4 11. cxd4 0-0 12. Be3 cxd4 13. Bxd4 Nf6 14. Bc2 Bg4 15. Qd3 g6 16. Rfd1 Nd5 17. Bg7 Kxg7 18. Qxd5 Bxf3 19. Qxf3 Bxh2+ 20. Kxh2 Qc7+ 21. Kg1 Qxc2 22. Qxb7 Rfb8 23. Qd5 Qxb2 24. Qd4+ Qxd4 25. Rxd4 a5 26. Ra4 Rb5 27. Re1 Rc8 28. Re2 Rc1+ 29. Kh2 h5 30. f4 h4 31. g3 hxg3+ 32. Kxg3 Rg1+ 33. Kf2 Rg4 34. Kf3 Rh4 35. Rg2 Rc5 36. Ra3 Rf5 37. Rg4 Rh3+ 38. Rg3 Rh1 39. Ra4 Rf1+ 40. Kg4 Rh5 41. Rf3 Rg1+ 42. Rg3 Rc1 43. Rga3 Rcc5 44. Kg3 Rhf5 45. Kg4 Kf6 46. Re3 Rb5 47. Rd4 Rb6 48. Ra4 Rb1 49. Rc4 Rg1+ 50. Rg3 Rf1 51. Rf3 Rxf3 52. Kxf3 g5 53. Rc6+ Ke7 54. Kg4 Rxf4+ 55. Kxg5 Rf2 56. a4 Ra2 57. Rc4 Ke6 58. Re4+ Kd5 59. Rf4 Kc6 60. Kf6 Rb2 61. Rf5 Kb6 62. Kg7 Rb4 63. Rf6+ Kc7 64. Kxf7 Rxa4 65. Kg6 Ra1 66. Kg5 Rg1+ 67. Kh4 a4 68. Kh3 Kb7 69. Rf4 a3 70. Ra4 Ra1 71. Kg2 Kb6 72. Ra8 Kb5 73. Kf3 Kb4 74. Rb8+ Kc3 75. Rc8+ Kb2 76. Rb8+ Ka2 77. Ke3 Rb1 78. Rh8 Rb4 79. Kd3 Kb3 80. Ra8 a2 0-1

[Event "Bydgoszcz op-A"]
[Site "Bydgoszcz"]
[Date "2022.07.02"]
[Round "8"]
[White "Stolarczyk, Adam"]
[Black "Dubnevych, Maksym"]
[Result "1-0"]
[WhiteElo "2125"]
[BlackElo "2048"]
[PlyCount "71"]
[EventDate "2022.06.25"]
[EventType "swiss"]
[EventRounds "10"]
[EventCountry "POL"]
[SourceTitle "CBM 209 Extra"]
[Source "ChessBase"]
[SourceDate "2022.09.30"]
[SourceVersion "1"]
[SourceVersionDate "2022.09.30"]
[SourceQuality "1"]

1. e4 c5 2. Nf3 Nc6 3. c3 Nf6 4. e5 Nd5 5. Bc4 Nb6 6. Bb3 d5 7. exd6 Qxd6 8. Na3 a6 9. 0-0 Be6 10. Bxe6 Qxe6 11. d4 cxd4 12. Nxd4 Nxd4 13. Qxd4 Rd8 14. Qe3 Qc6 15. Nc2 Nd5 16. Qg3 g6 17. Rd1 e6 18. Bg5 f6 19. Nd4 Qd7 20. Nxe6 Nf4 21. Qf3 Qxe6 22. Rxd8+ Kxd8 23. Bxf4 Kc8 24. c4 Bd6 25. Bxd6 Qxd6 26. Rd1 Re8 27. h3 Qe5 28. b4 f5 29. c5 Kc7 30. Qd3 Qe6 31. a4 f4 32. b5 axb5 33. axb5 Ra8 34. Qf3 Rf8 35. b6+ Kc8 36. Qa3 1-0

[Event "POL-chT3 Kujawsko-Pomorskie 2223"]
[Site "Poland"]
[Date "2022.??.??"]
[Round "1.26"]
[White "Stolarczyk, Adam"]
[Black "Jesse, Jacek"]
[Result "1-0"]
[WhiteElo "2086"]
[BlackElo "1889"]
[PlyCount "119"]
[EventDate "2022.11.13"]
[EventType "team-swiss"]
[EventRounds "7"]
[EventCountry "POL"]
[SourceTitle "EXT 2024"]
[Source "ChessBase"]
[SourceDate "2023.10.10"]
[SourceVersion "1"]
[SourceVersionDate "2023.10.10"]
[SourceQuality "1"]

1. e4 d5 2. exd5 Qxd5 3. Nc3 Qa5 4. Bc4 Nf6 5. d3 c6 6. Bd2 Bf5 7. Nd5 Qd8 8. Nxf6+ gxf6 9. Qf3 e6 10. 0-0-0 Nd7 11. Bb3 Qc7 12. Ne2 h5 13. h3 Ne5 14. Qg3 0-0-0 15. f4 Ng6 16. Qf2 c5 17. Ng3 Ne7 18. Bc3 Bg7 19. Rde1 h4 20. Ne4 Bxe4 21. Rxe4 Nd5 22. f5 Nxc3 23. bxc3 e5 24. Kb2 b5 25. Rhe1 Bf8 26. Rxh4 Rxh4 27. Qxh4 c4 28. dxc4 Qa5 29. cxb5 Ba3+ 30. Kb1 Rd4 31. Qxf6 Qxc3 32. Qc6+ Qxc6 33. bxc6 f6 34. Rh1 e4 35. c3 Rd2 36. Re1 Rb2+ 37. Ka1 Rxg2 38. Bd5 Rh2 39. Bxe4 Rxh3 40. c4 Rh2 41. Rb1 Bc5 42. Rb3 Bb6 43. Rg3 Rf2 44. Rg7 Rd2 45. Bd5 Rf2 46. a4 Kd8 47. Rd7+ Ke8 48. Bf7+ Kf8 49. Be6 Rf1+ 50. Ka2 Rf2+ 51. Kb3 a5 52. c7 Rf3+ 53. Kc2 Rf2+ 54. Kd3 Rf3+ 55. Ke4 Re3+ 56. Kd5 Bxc7 57. Rxc7 Ra3 58. Kd6 Rxa4 59. c5 Rd4+ 60. Bd5 1-0

[Event "POL-chT 2nd League"]
[Site "Jastrzebia Gora"]
[Date "2015.09.13"]
[Round "9.95"]
[White "Stolarczyk, Adam"]
[Black "Popiol, Michal"]
[Result "0-1"]
[WhiteElo "2160"]
[BlackElo "1931"]
[PlyCount "106"]
[EventDate "2015.09.05"]
[EventType "team-swiss"]
[EventRounds "9"]
[EventCountry "POL"]
[SourceTitle "EXT 2017"]
[Source "ChessBase"]
[SourceDate "2016.10.25"]
[SourceVersion "1"]
[SourceVersionDate "2016.10.25"]
[SourceQuality "1"]
[WhiteTeam "Swiecie Gambit"]
[BlackTeam "Nowy Sacz Sandecja"]
[WhiteTeamCountry "POL"]
[BlackTeamCountry "POL"]

1. e4 e6 2. d4 d5 3. e5 c5 4. Nf3 cxd4 5. Bd3 Nc6 6. 0-0 Nge7 7. Bf4 Qb6 8. b3 Bd7 9. a3 h6 10. h4 a5 11. h5 a4 12. b4 Na7 13. Be2 Bb5 14. Nxd4 Bxe2 15. Nxe2 Nb5 16. Qd3 Nf5 17. Nd2 Rd8 18. Nf3 Be7 19. c4 dxc4 20. Qxc4 0-0 21. Qe4 Rd5 22. g4 Nh4 23. Nxh4 Bxh4 24. Be3 Qd8 25. f4 Qe7 26. Rfc1 Rfd8 27. Qc2 Qd7 28. Bb6 Rd2 29. Qc4 Re8 30. Be3 Rd3 31. Qe4 Rd8 32. Bb6 Qd5 33. Rc4 Ra8 34. Qxd5 exd5 35. Rc5 Nxa3 36. Rc3 Rxc3 37. Nxc3 Nc2 38. Rxa4 Rxa4 39. Nxa4 Nxb4 40. Nc5 d4 41. Nxb7 d3 42. Be3 Be1 43. Kf1 Bc3 44. Nc5 Nd5 45. Nxd3 Nxe3+ 46. Ke2 Nxg4 47. Kf3 f5 48. Nc1 Kf7 49. Ne2 Bb2 50. Ng3 Ke6 51. Ne2 Ba1 52. Ng3 Bd4 53. Ne2 Bc5 0-1

[Event "POL-chT 2nd League"]
[Site "Jastrzebia Gora"]
[Date "2015.09.06"]
[Round "2.107"]
[White "Stolarczyk, Adam"]
[Black "Faron, Rafal"]
[Result "1/2-1/2"]
[WhiteElo "2160"]
[BlackElo "2033"]
[PlyCount "80"]
[EventDate "2015.09.05"]
[EventType "team-swiss"]
[EventRounds "9"]
[EventCountry "POL"]
[SourceTitle "EXT 2017"]
[Source "ChessBase"]
[SourceDate "2016.10.25"]
[SourceVersion "1"]
[SourceVersionDate "2016.10.25"]
[SourceQuality "1"]
[WhiteTeam "Swiecie Gambit"]
[BlackTeam "Podlesie UKS 21"]
[WhiteTeamCountry "POL"]
[BlackTeamCountry "POL"]

1. e4 c5 2. Nf3 e6 3. c3 Nf6 4. e5 Nd5 5. d4 cxd4 6. cxd4 d6 7. Nc3 Nxc3 8. bxc3 Qc7 9. Bd2 Nd7 10. exd6 Bxd6 11. Bd3 b6 12. 0-0 Bb7 13. Qe2 Bf4 14. Be4 Bxd2 15. Bxb7 Qxb7 16. Nxd2 Nf6 17. c4 0-0 18. a4 Rfd8 19. Nf3 Rac8 20. a5 Qe4 21. Qxe4 Nxe4 22. axb6 axb6 23. Rfc1 Nd6 24. c5 bxc5 25. dxc5 Nf5 26. g4 Nd4 27. Nxd4 Rxd4 28. h3 Rd7 29. Kg2 Kf8 30. Rc3 Ke7 31. Ra5 Rcc7 32. Kf3 Rd5 33. Ke4 h5 34. Rc4 g6 35. Rc3 Kf6 36. Kf4 Rd4+ 37. Kg3 Rd5 38. Kf4 Rd4+ 39. Kg3 Rd5 40. Kf4 Rd4+ 1/2-1/2

[Event "POL-chT3 Kujawsko Pomorskie 1213"]
[Site "Poland"]
[Date "2013.02.24"]
[Round "9.7"]
[White "Jaroch, Karol"]
[Black "Stolarczyk, Adam"]
[Result "1-0"]
[WhiteElo "2238"]
[BlackElo "2181"]
[PlyCount "75"]
[EventDate "2012.11.04"]
[EventType "team-tourn"]
[EventRounds "11"]
[EventCountry "POL"]
[SourceTitle "EXT 2015"]
[Source "ChessBase"]
[SourceDate "2014.11.20"]
[SourceVersion "1"]
[SourceVersionDate "2014.11.20"]
[SourceQuality "1"]
[WhiteTeam "Bydgoszcz SSz Pocztowiec"]
[BlackTeam "Swiecie Gambit"]
[WhiteTeamCountry "POL"]
[BlackTeamCountry "POL"]

1. e4 c6 2. d4 d5 3. exd5 cxd5 4. Bd3 Nc6 5. c3 Nf6 6. Nf3 Bg4 7. 0-0 e6 8. Qb3 Qc8 9. Ne5 Nxe5 10. dxe5 Nd7 11. Qa4 Bh5 12. Qh4 Bg6 13. Bxg6 fxg6 14. Qh3 Nb8 15. Nd2 Be7 16. Nf3 Nc6 17. Bg5 Qd7 18. c4 d4 19. Rad1 0-0-0 20. b4 Bxg5 21. b5 Nxe5 22. Nxe5 Qe7 23. c5 Qf6 24. Nc4 Bf4 25. Qa3 Kb8 26. b6 a6 27. c6 Rd5 28. g3 Qg5 29. h4 Qd8 30. gxf4 Qxh4 31. Qg3 Qxg3+ 32. fxg3 bxc6 33. Rfe1 Rhd8 34. Rxe6 Rc5 35. Ne5 Rdd5 36. Nxc6+ Kb7 37. Rxd4 Rxc6 38. Re7+ 1-0

[Event "POL-chT3 Kujawsko Pomorskie 1213"]
[Site "Poland"]
[Date "2013.01.13"]
[Round "6.17"]
[White "Stolarczyk, Adam"]
[Black "Wesolowska, Edyta"]
[Result "1-0"]
[WhiteElo "2181"]
[BlackElo "1956"]
[PlyCount "95"]
[EventDate "2012.11.04"]
[EventType "team-tourn"]
[EventRounds "11"]
[EventCountry "POL"]
[SourceTitle "EXT 2015"]
[Source "ChessBase"]
[SourceDate "2014.11.20"]
[SourceVersion "1"]
[SourceVersionDate "2014.11.20"]
[SourceQuality "1"]
[WhiteTeam "Swiecie Gambit"]
[BlackTeam "Bydgoszcz Chemik II"]
[WhiteTeamCountry "POL"]
[BlackTeamCountry "POL"]

1. e4 e5 2. Nf3 Nc6 3. Bb5 a6 4. Ba4 Nf6 5. 0-0 b5 6. Bb3 Be7 7. Re1 0-0 8. c3 d6 9. h3 Na5 10. Bc2 c5 11. d4 Bb7 12. Nbd2 Qc7 13. d5 c4 14. Nf1 Bc8 15. b4 cxb3 16. axb3 Nb7 17. Bd2 Bd7 18. b4 a5 19. Bd3 axb4 20. cxb4 Ra4 21. Qe2 Rfa8 22. Rac1 Qb6 23. Rc2 Bd8 24. Rec1 Ra3 25. Ne3 Rb3 26. Nd1 Raa3 27. Bc3 Nh5 28. Qe1 Nf4 29. Bf1 Qa7 30. Nd2 Rxc3 31. Nxc3 Bb6 32. Ndb1 Rb3 33. Nxb5 Bxb5 34. Bxb5 Rg3 35. Bf1 h5 36. Kh2 Rg5 37. g3 Ng6 38. h4 Rg4 39. Bh3 Nf4 40. Rc8+ Kh7 41. Bxg4 Bxf2 42. Qc3 hxg4 43. gxf4 exf4 44. Rf1 f3 45. Kh1 Bd4 46. Qd3 Be3 47. Nd2 Bxd2 48. Qxd2 1-0

[Event "POL-chT3 1112"]
[Site "Poland"]
[Date "2012.04.22"]
[Round "11.31"]
[White "Stolarczyk, Adam"]
[Black "Grajczak, Adrian"]
[Result "1-0"]
[WhiteElo "2168"]
[BlackElo "1969"]
[PlyCount "57"]
[EventDate "2011.11.06"]
[EventType "team-tourn"]
[EventRounds "11"]
[EventCountry "POL"]
[SourceTitle "EXT 2015"]
[Source "ChessBase"]
[SourceDate "2014.11.20"]
[SourceVersion "1"]
[SourceVersionDate "2014.11.20"]
[SourceQuality "1"]
[WhiteTeam "Swiecie Gambit"]
[BlackTeam "Chojnice UKS Osemka"]
[WhiteTeamCountry "POL"]
[BlackTeamCountry "POL"]

1. d4 Nf6 2. Nf3 e6 3. e3 d5 4. Bd3 Bd6 5. 0-0 0-0 6. Nbd2 b6 7. e4 dxe4 8. Nxe4 Bb7 9. Nxd6 Qxd6 10. Qe2 Nbd7 11. c3 h6 12. Rd1 Rfe8 13. Ne5 Nxe5 14. dxe5 Qc6 15. f3 Qc5+ 16. Kh1 Nd5 17. Qe4 g6 18. Qh4 h5 19. Be4 Rab8 20. Qg3 Ne7 21. Bg5 Nf5 22. Qf4 Ng7 23. Bf6 Kh7 24. Rd7 Qf8 25. Rxc7 Bxe4 26. fxe4 a5 27. Rf1 Rec8 28. Bxg7 Rxc7 29. Qh6+ 1-0

[Event "Nakel district-ch"]
[Site "Szubin"]
[Date "2009.10.10"]
[Round "7"]
[White "Konieczynski, Piotr"]
[Black "Stolarczyk, Adam"]
[Result "1/2-1/2"]
[WhiteElo "1949"]
[BlackElo "2199"]
[PlyCount "67"]
[EventDate "2009.10.02"]
[EventType "swiss"]
[EventRounds "9"]
[EventCountry "POL"]
[SourceTitle "EXT 2018"]
[Source "ChessBase"]
[SourceDate "2017.10.13"]
[SourceVersion "1"]
[SourceVersionDate "2017.10.13"]
[SourceQuality "1"]

1. d4 Nf6 2. c4 g6 3. Nc3 Bg7 4. e4 d6 5. h3 0-0 6. Nf3 e5 7. dxe5 dxe5 8. Qxd8 Rxd8 9. Bg5 Re8 10. Nd5 Nxd5 11. cxd5 c6 12. Bc4 b5 13. Bb3 Bb7 14. 0-0-0 cxd5 15. Bxd5 Nc6 16. Kb1 Rac8 17. Rc1 Na5 18. Rxc8 Rxc8 19. Rd1 a6 20. Ne1 Bxd5 21. Rxd5 Nc6 22. Nc2 f6 23. Be3 Bf8 24. Bc5 Bxc5 25. Rxc5 Ne7 26. Rxc8+ Nxc8 27. Nb4 a5 28. Nc6 Nd6 29. f3 Nb7 30. Kc2 Kf7 31. Na7 Nd6 32. Nc6 Nb7 33. Na7 Nd6 34. Nc6 1/2-1/2

[Event "Nakel district-ch"]
[Site "Szubin"]
[Date "2009.10.03"]
[Round "2"]
[White "Grajczak, Adrian"]
[Black "Stolarczyk, Adam"]
[Result "1-0"]
[WhiteElo "2000"]
[BlackElo "2199"]
[PlyCount "95"]
[EventDate "2009.10.02"]
[EventType "swiss"]
[EventRounds "9"]
[EventCountry "POL"]
[SourceTitle "EXT 2018"]
[Source "ChessBase"]
[SourceDate "2017.10.13"]
[SourceVersion "1"]
[SourceVersionDate "2017.10.13"]
[SourceQuality "1"]

1. c4 Nf6 2. Nc3 d6 3. g3 g6 4. Bg2 Bg7 5. d4 0-0 6. Nf3 Nc6 7. 0-0 a6 8. e4 Rb8 9. a4 Na5 10. Qe2 Nb3 11. Ra3 Nxc1 12. Rxc1 c6 13. b4 Qc7 14. b5 e5 15. d5 cxb5 16. cxb5 a5 17. Na2 Qd8 18. Nd2 b6 19. Rac3 Nd7 20. Rc6 Nc5 21. Nc4 Nb3 22. Rxd6 Nxc1 23. Nxc1 Qe7 24. Nd3 Bb7 25. Rxb6 Qc7 26. Ndb2 Bh6 27. Qe1 Rfc8 28. Bh3 Rd8 29. Qxa5 Kh8 30. Qb4 Ba8 31. Rxb8 Rxb8 32. Qd6 Qxd6 33. Nxd6 Kg8 34. Bd7 Kf8 35. Bc6 Ke7 36. Nbc4 f6 37. b6 Bf8 38. a5 Kd8 39. Bxa8 Bxd6 40. Nxd6 Kd7 41. Bc6+ Kxd6 42. a6 Rxb6 43. a7 Ra6 44. a8Q Rxa8 45. Bxa8 f5 46. f3 h6 47. Kf2 Kc5 48. Ke3 1-0

[Event "Wloclawek Portofino Cup"]
[Site "Wloclawek"]
[Date "2009.09.27"]
[Round "8"]
[White "Stolarczyk, Adam"]
[Black "Kulinski, Krzysztof"]
[Result "1-0"]
[WhiteElo "2199"]
[BlackElo "2099"]
[PlyCount "57"]
[EventDate "2009.09.24"]
[EventType "swiss"]
[EventRounds "9"]
[EventCountry "POL"]
[SourceTitle "EXT 2018"]
[Source "ChessBase"]
[SourceDate "2017.10.13"]
[SourceVersion "1"]
[SourceVersionDate "2017.10.13"]
[SourceQuality "1"]

1. e4 c5 2. c3 d6 3. d4 Nf6 4. Bd3 cxd4 5. cxd4 g6 6. Be3 Bg7 7. Nf3 0-0 8. h3 Nc6 9. Nc3 e5 10. d5 Ne7 11. 0-0 h6 12. Rc1 Nd7 13. Nb5 Nb6 14. Nxa7 f5 15. Qb3 Nd7 16. Nxc8 Rxc8 17. Rxc8 Qxc8 18. Rc1 Qb8 19. Nd2 Nf6 20. f3 Nh5 21. Bb6 Nf4 22. Bf1 fxe4 23. fxe4 Nc8 24. Be3 g5 25. g3 Nh5 26. Kg2 Ne7 27. Be2 Nf6 28. Qb6 Ne8 29. Ba6 1-0

[Event "Wloclawek Portofino Cup"]
[Site "Wloclawek"]
[Date "2009.09.25"]
[Round "4"]
[White "Rybak, Tomasz"]
[Black "Stolarczyk, Adam"]
[Result "0-1"]
[WhiteElo "2262"]
[BlackElo "2199"]
[PlyCount "76"]
[EventDate "2009.09.24"]
[EventType "swiss"]
[EventRounds "9"]
[EventCountry "POL"]
[SourceTitle "EXT 2018"]
[Source "ChessBase"]
[SourceDate "2017.10.13"]
[SourceVersion "1"]
[SourceVersionDate "2017.10.13"]
[SourceQuality "1"]

1. c4 Nf6 2. Nc3 g6 3. g3 Bg7 4. Bg2 0-0 5. e4 d6 6. Nge2 c5 7. 0-0 Nc6 8. d3 Bd7 9. h3 Rb8 10. Be3 a6 11. a4 Ne8 12. Qd2 Nd4 13. Bxd4 cxd4 14. Nd5 e6 15. Nb4 f5 16. Nc2 e5 17. exf5 gxf5 18. f4 Kh8 19. Kh2 Nc7 20. Ng1 Ne6 21. fxe5 dxe5 22. Nf3 Nc5 23. Rae1 Qc7 24. Nb4 Qd6 25. Nd5 Nxa4 26. b4 Rbe8 27. Re2 Nc3 28. Nxc3 dxc3 29. Qc2 e4 30. dxe4 fxe4 31. Rd1 Qxb4 32. Rxd7 exf3 33. Rxe8 Rxe8 34. Bxf3 b5 35. cxb5 Qxb5 36. Rb7 Qg5 37. Qa4 Rf8 38. Bg2 Be5 0-1

[Event "Wloclawek Portofino Cup"]
[Site "Wloclawek"]
[Date "2009.09.24"]
[Round "2"]
[White "Stupak, Kirill"]
[Black "Stolarczyk, Adam"]
[Result "1-0"]
[WhiteElo "2451"]
[BlackElo "2199"]
[PlyCount "67"]
[EventDate "2009.09.24"]
[EventType "swiss"]
[EventRounds "9"]
[EventCountry "POL"]
[SourceTitle "EXT 2018"]
[Source "ChessBase"]
[SourceDate "2017.10.13"]
[SourceVersion "1"]
[SourceVersionDate "2017.10.13"]
[SourceQuality "1"]

1. d4 Nf6 2. g3 g6 3. Bg2 Bg7 4. e4 d6 5. Nc3 0-0 6. Nge2 e5 7. 0-0 Nc6 8. dxe5 Nxe5 9. h3 Be6 10. b3 Qd7 11. Kh2 c5 12. f4 Nc6 13. Be3 Rfd8 14. Qd2 Ne8 15. Rad1 Ne7 16. Qe1 Qc8 17. Qf2 a6 18. Na4 Rb8 19. g4 f5 20. gxf5 gxf5 21. e5 b6 22. exd6 Rxd6 23. Ng3 Rxd1 24. Rxd1 Nf6 25. Rd6 Ned5 26. c4 Nxe3 27. Qxe3 Bf7 28. Rxb6 Rxb6 29. Nxb6 Qd8 30. Qxc5 Bf8 31. Qe3 Ne4 32. Nxf5 Bc5 33. Qxe4 Bxb6 34. Qc6 1-0

[Event "Gdansk op"]
[Site "Gdansk"]
[Date "2008.07.20"]
[Round "3"]
[White "Stolarczyk, Adam"]
[Black "Sharapov, Evgeny"]
[Result "1/2-1/2"]
[WhiteElo "2188"]
[BlackElo "2431"]
[PlyCount "104"]
[EventDate "2008.07.19"]
[EventType "swiss"]
[EventRounds "9"]
[EventCountry "POL"]
[SourceTitle "EXT 2009"]
[Source "ChessBase"]
[SourceDate "2008.11.26"]
[SourceVersion "1"]
[SourceVersionDate "2008.11.26"]
[SourceQuality "1"]

1. e4 c5 2. c3 Nf6 3. e5 Nd5 4. d4 cxd4 5. Nf3 Nc6 6. Bc4 e6 7. cxd4 d6 8. 0-0 Be7 9. Qe2 0-0 10. Nc3 Nxc3 11. bxc3 dxe5 12. Nxe5 Nxe5 13. Qxe5 Bd6 14. Qe2 Qc7 15. h3 Bd7 16. Bd2 Bc6 17. f4 g6 18. Bd3 Rac8 19. Qg4 f5 20. Qe2 Bd5 21. c4 Bxc4 22. Rfc1 b5 23. Bxc4 bxc4 24. Qxe6+ Kg7 25. Rab1 Rfe8 26. Qd5 Re7 27. Rc3 Bxf4 28. Bxf4 Qxf4 29. Rxc4 Rb8 30. Rcc1 Re2 31. Rf1 Rxb1 32. Rxb1 Qf2+ 33. Kh1 Rxa2 34. Rg1 f4 35. Qe5+ Kh6 36. Qf6 Rd2 37. Qf8+ Kh5 38. Qg7 h6 39. Qxa7 Qxd4 40. Qxd4 Rxd4 41. Rf1 Kh4 42. Kh2 g5 43. Rf3 Rd2 44. Kg1 Re2 45. Kh2 h5 46. Rf1 Re3 47. Rf2 Rd3 48. Rf1 Rd4 49. Rf3 Re4 50. Rf1 g4 51. Rxf4 Rxf4 52. g3+ Kg5 1/2-1/2

[Event "Wloclawek Weekend Classic 4th"]
[Site "Wloclawek"]
[Date "2008.04.02"]
[Round "4"]
[White "Gawronski, Miroslaw"]
[Black "Stolarczyk, Adam"]
[Result "1-0"]
[WhiteElo "2250"]
[BlackElo "2166"]
[PlyCount "55"]
[EventDate "2008.04.02"]
[EventType "swiss"]
[EventRounds "5"]
[EventCountry "POL"]
[SourceTitle "EXT 2010"]
[Source "ChessBase"]
[SourceDate "2010.11.25"]
[SourceVersion "1"]
[SourceVersionDate "2010.11.25"]
[SourceQuality "1"]

1. d4 Nf6 2. g3 g6 3. Bg2 Bg7 4. e4 d6 5. Ne2 0-0 6. 0-0 e5 7. h3 c6 8. a4 a5 9. Be3 Qc7 10. g4 d5 11. dxe5 Qxe5 12. Bd4 Qe7 13. exd5 Nxd5 14. Bxg7 Kxg7 15. Bxd5 cxd5 16. Nec3 Qh4 17. Qd4+ f6 18. Kg2 h5 19. f3 hxg4 20. fxg4 Rh8 21. Rh1 Nc6 22. Qf4 Ne5 23. Nd2 Be6 24. Rae1 Rae8 25. Nb3 Rc8 26. Nd4 Bf7 27. Ncb5 Qh6 28. g5 1-0

[Event "Wloclawek Weekend Classic 4th"]
[Site "Wloclawek"]
[Date "2008.04.02"]
[Round "3"]
[White "Stolarczyk, Adam"]
[Black "Jacek, Krystian"]
[Result "1-0"]
[WhiteElo "2166"]
[BlackElo "1986"]
[PlyCount "75"]
[EventDate "2008.04.02"]
[EventType "swiss"]
[EventRounds "5"]
[EventCountry "POL"]
[SourceTitle "EXT 2010"]
[Source "ChessBase"]
[SourceDate "2010.11.25"]
[SourceVersion "1"]
[SourceVersionDate "2010.11.25"]
[SourceQuality "1"]

1. d4 Nf6 2. Nf3 g6 3. e3 Bg7 4. Bd3 0-0 5. 0-0 d6 6. Nbd2 Nc6 7. c3 e5 8. e4 Nh5 9. dxe5 dxe5 10. Nc4 Nf4 11. Bc2 Qe7 12. Ba4 Qe6 13. Ne3 Rd8 14. Qc2 Qf6 15. Nd5 Rxd5 16. exd5 Ne7 17. Bxf4 exf4 18. Rad1 g5 19. Rfe1 g4 20. Qe4 Ng6 21. Qe8+ Bf8 22. Ne5 Bf5 23. Qxa8 Nxe5 24. Qe8 Ng6 25. Bd7 f3 26. Bxf5 Qxf5 27. Qe4 Qh5 28. h3 f5 29. hxg4 fxg4 30. d6 Bxd6 31. Qd5+ Qxd5 32. Rxd5 h6 33. gxf3 gxf3 34. Rf5 Nf4 35. Re4 Nh3+ 36. Kf1 Ng5 37. Rg4 Kh7 38. Rfxg5 1-0

[Event "POL-chT3 Kujawsko Pomorskie 0708"]
[Site "Poland"]
[Date "2007.11.18"]
[Round "2.22"]
[White "Krainski, Jaroslaw"]
[Black "Stolarczyk, Adam"]
[Result "1/2-1/2"]
[WhiteElo "2053"]
[BlackElo "2163"]
[PlyCount "135"]
[EventDate "2007.11.04"]
[EventType "team-tourn"]
[EventRounds "11"]
[EventCountry "POL"]
[SourceTitle "EXT 2019"]
[Source "ChessBase"]
[SourceDate "2018.10.10"]
[SourceVersion "1"]
[SourceVersionDate "2018.10.10"]
[SourceQuality "1"]

1. e4 d6 2. d4 Nf6 3. Nc3 g6 4. Be2 c6 5. a4 a5 6. h3 Bg7 7. Nf3 0-0 8. 0-0 Qb6 9. Bg5 h6 10. Be3 Nbd7 11. Qc1 Kh7 12. Bd3 Qc7 13. Rd1 e5 14. dxe5 Nxe5 15. Nxe5 dxe5 16. b3 Be6 17. Bc5 Rfd8 18. Qe3 Nd7 19. Ba3 Bf8 20. Bxf8 Rxf8 21. g4 Qd8 22. Kg2 Kg7 23. Ne2 Qg5 24. Qxg5 hxg5 25. Nc3 Nc5 26. Rd2 Rad8 27. Rad1 Rd7 28. Be2 Rxd2 29. Rxd2 Kf6 30. Kg3 Ke7 31. f3 f6 32. Rd1 Bf7 33. Rd2 Rd8 34. Rxd8 Kxd8 35. h4 gxh4+ 36. Kxh4 g5+ 37. Kg3 Ke7 38. Kf2 Ne6 39. Ke3 Nd4 40. Kd2 Kd6 41. Bd1 Kc5 42. Kc1 Ne6 43. Ne2 Nf4 44. Ng3 b5 45. axb5 cxb5 46. Kb2 b4 47. Kc1 Bg6 48. Kd2 Kd4 49. Be2 Kc5 50. Bf1 Be8 51. Nf5 Ne6 52. Be2 Nd4 53. Ne3 a4 54. bxa4 Bxa4 55. Bd1 Bc6 56. Kc1 Ne6 57. Kd2 Nf4 58. Nf5 Bd7 59. Ne3 Kd4 60. Nf1 Be8 61. Ng3 Bg6 62. Ne2+ Nxe2 63. Bxe2 Bf7 64. Ba6 Bc4 65. Bb7 Bf1 66. Bc6 Bg2 67. Ke2 Bh3 68. Ba4 1/2-1/2

[Event "POL-chT 2nd League"]
[Site "Wysowa"]
[Date "2007.09.08"]
[Round "5"]
[White "Stolarczyk, Adam"]
[Black "Olenderek, Tomasz"]
[Result "1/2-1/2"]
[WhiteElo "2154"]
[BlackElo "2141"]
[PlyCount "32"]
[EventDate "2007.09.03"]
[EventType "team-swiss"]
[EventRounds "9"]
[EventCountry "POL"]
[SourceTitle "EXT 2010"]
[Source "ChessBase"]
[SourceDate "2010.11.25"]
[SourceVersion "1"]
[SourceVersionDate "2010.11.25"]
[SourceQuality "1"]
[WhiteTeam "Swiecie Gambit"]
[BlackTeam "Warszawa YMCA"]
[WhiteTeamCountry "POL"]
[BlackTeamCountry "POL"]

1. e4 d5 2. exd5 Nf6 3. d4 Nxd5 4. c4 Nb6 5. Nf3 Bg4 6. c5 N6d7 7. Be2 e6 8. Nc3 Nc6 9. Be3 Be7 10. 0-0 0-0 11. Qa4 Nf6 12. Qc4 Nd5 13. Nxd5 Qxd5 14. Qxd5 exd5 15. h3 Bh5 16. g4 Bg6 1/2-1/2

[Event "POL-chT 2nd League"]
[Site "Wysowa"]
[Date "2007.09.04"]
[Round "2"]
[White "Suder, Ryszard"]
[Black "Stolarczyk, Adam"]
[Result "1/2-1/2"]
[WhiteElo "2209"]
[BlackElo "2154"]
[PlyCount "90"]
[EventDate "2007.09.03"]
[EventType "team-swiss"]
[EventRounds "9"]
[EventCountry "POL"]
[SourceTitle "EXT 2010"]
[Source "ChessBase"]
[SourceDate "2010.11.25"]
[SourceVersion "1"]
[SourceVersionDate "2010.11.25"]
[SourceQuality "1"]
[WhiteTeam "Ostroda Ostrodzianka"]
[BlackTeam "Swiecie Gambit"]
[WhiteTeamCountry "POL"]
[BlackTeamCountry "POL"]

1. e4 d6 2. d4 Nf6 3. Nc3 g6 4. g3 Bg7 5. Bg2 0-0 6. Nge2 e5 7. h3 c6 8. a4 a5 9. 0-0 Na6 10. Be3 Qc7 11. Qd2 Nb4 12. Rad1 Be6 13. Rfe1 Rfe8 14. g4 d5 15. exd5 Nfxd5 16. Nxd5 Nxd5 17. Bh6 Bxh6 18. Qxh6 exd4 19. Nxd4 Nf4 20. Nxe6 Rxe6 21. Rxe6 Nxe6 22. Qe3 Rd8 23. Rxd8+ Qxd8 24. Bf1 Qd4 25. Qxd4 Nxd4 26. Bd3 Kf8 27. Kf1 Ke7 28. c3 Ne6 29. Ke1 Kd6 30. Kd2 Kc5 31. Ke3 h6 32. h4 Kd5 33. f4 Nc5 34. Bc2 Kc4 35. g5 hxg5 36. hxg5 b5 37. axb5 cxb5 38. f5 gxf5 39. Bxf5 Kd5 40. b4 axb4 41. cxb4 Na6 42. g6 fxg6 43. Bxg6 Nxb4 44. Bd3 Nxd3 45. Kxd3 b4 1/2-1/2